000 00415nam a2200157Ia 4500
008 230917s9999||||xx |||||||||||||| ||und||
020 _cRS250
040 _e8451
_aMAIN
041 _aEnglish
082 _a327.116 J31H
100 _aSingh, Jasjit ,ed.
245 0 _aNon provocative defence: The search for equal security
260 _aNew Delhi
_bLancer International
_c1989
300 _ax, 256 p.
942 _cBK
999 _c69340
_d69340